logo

Bir Sreshtho Munshi Abdur Rouf Library
Jhenaidah Cadet College

অর্থবিদ্যার পরিচয় / (Record no. 5134)

MARC details
000 -LEADER
fixed length control field 00724nam a2200217 a 4500
001 - CONTROL NUMBER
JCCL Control Number 5134
003 - CONTROL NUMBER IDENTIFIER
JCCL marc code BD-JhCC
005 - DATE AND TIME OF LATEST TRANSACTION
control field 20171209172248.0
008 - FIXED-LENGTH DATA ELEMENTS--GENERAL INFORMATION
fixed length control field 171209s1970 ii |||| || | 000 0 eng d
035 ## - SYSTEM CONTROL NUMBER
system control number (BD-JhCC)5134
040 ## - CATALOGING SOURCE
Original cataloging agency BD-JhCC
Modifying agency BD-JhCC
041 ## - LANGUAGE CODE
Language code of Book eng
082 ## - DEWEY DECIMAL CLASSIFICATION NUMBER
Classification number 330
Author mark and Year GHO 1970
100 ## - MAIN ENTRY--PERSONAL NAME
Personal name ঘোষ, সচ্চিদানন্দ
245 ## - TITLE STATEMENT
Title অর্থবিদ্যার পরিচয় /
Statement of responsibility, etc সচ্চিদানন্দ ঘোষ,
260 ## - PUBLICATION, DISTRIBUTION, ETC. (IMPRINT)
Place of publication, distribution, etc কলিকাতা :
Name of publisher, distributor, etc ম্যাকমিলান অ্যাণ্ড কোম্পানি লিঃ,
Date of publication, distribution, etc 1970.
300 ## - PHYSICAL DESCRIPTION
Pagination 363 p. :
Dimensions 22 cm.
650 ## - SUBJECT ADDED ENTRY--TOPICAL TERM
Topical term or geographic name as entry element Introduction of Economics
942 ## - ADDED ENTRY ELEMENTS (KOHA)
Source of classification or shelving scheme Dewey Decimal Classification
Koha item type Books
Holdings
Source of classification or shelving scheme volume number Damaged status Not for loan Home library Current library Shelving location Date of accession Total Checkouts Full call number Barcode Date last seen Copy number Koha item type
Dewey Decimal Classification V-2     JCC Rouf Library JCC Rouf Library General Stacks 12/09/2017   330 GHO 1970 7051 12/09/2017 C-1 Books
Dewey Decimal Classification V-2     JCC Rouf Library JCC Rouf Library General Stacks 12/09/2017   330 GHO 1970 7151 12/09/2017 C-2 Books
Dewey Decimal Classification V-2     JCC Rouf Library JCC Rouf Library General Stacks 12/09/2017   330 GHO 1970 7147 12/09/2017 C-3 Books
Dewey Decimal Classification V-2     JCC Rouf Library JCC Rouf Library General Stacks 12/10/2017   330 GHO 1970 7200 12/10/2017 C-4 Books

JCC Library | Contacts | JCC Home

Last Update on 23 September 2017
Copyright @ 2017-2020 JCC Rouf Library
Rouf Library, Jhenidah Cadet College (JCC), Bangladesh